000 01675nam a2200649Ia 4500
001 13456
008 191123s9999 xx 000 0 und d
041 _aspa
044 _ape
100 _aHarth Terre, Emilio,
245 0 _aArtífices en el virreinato del Perú.
260 _aLima :
_bImprenta Torres Aguirre,
_c1945.
300 _a244 p.
_bsin ilustrar
500 _aDonaciónprofesor Hector Schenone.
650 _aALARIFES
650 _aARQUITECTURA
650 _aARTE VIRREINAL
650 _aARTESANOS COLONIALES
650 _aAZULEJOS
650 _aBECERRA, FRANCISCO
650 _aCABALLERO, CRISTOBAL
650 _aCANO, JUAN
650 _aCARPINTEROS
650 _aCOCO, VENTURA
650 _aCORRAL, JUAN DEL
650 _aENTALLADORES
650 _aESCOBAR, MANUEL DE
650 _aESCULTORES
650 _aFERNANDEZ DE VALDEZ, PEDRO
650 _aGONZALEZ DE SIERRA, FRANCISCO
650 _aGRAJALES, JUAN DE
650 _aLIMA. PERU
650 _aLOPEZ, GIL
650 _aLORENZO, ANTONIO
650 _aLUZIO, ISIDRO
650 _aMAESTRO, MATIAS
650 _aMARTINEZ DE ARRONA, JUAN
650 _aMELENDEZ, FRANCISCO
650 _aMORZILLO, MIGUEL
650 _aNOGUERA, PEDRO DE
650 _aORFEBRERIA
650 _aPEREZ DE ALESSIO, MATEO
650 _aPINTURA VIRREINAL
650 _aRETABLOS
650 _aROSALES, SANTIAGO DE
650 _aSALAS, ASENCIO DE
650 _aSIDA, JUSEPHE DE
902 _aM
903 _am
904 _am
907 _aimpreso
911 _asin ilustrar
912 _a1945
942 _cLIBRO
999 _c11099
_d11099
550 _asin ilustrar